[Event "Beacon Seniors op"]
[Site "Exmouth"]
[Date "2008.11.20"]
[Round "4"]
[White "Harris, William F"]
[Black "Ansell, DM."]
[Result "1-0"]
[WhiteElo "1576"]
[BlackElo "1416"]
[PlyCount "105"]
[EventDate "2008.11.17"]
[EventType "swiss"]
[EventRounds "5"]
[EventCountry "ENG"]
[SourceTitle "EXT 2011"]
[Source "ChessBase"]
[SourceDate "2010.11.26"]
[SourceVersion "1"]
[SourceVersionDate "2010.11.26"]
[SourceQuality "1"]

1. e4 c6 2. d4 d5 3. e5 Bf5 4. Bd3 Bxd3 5. Qxd3 e6 6. Ne2 c5 7. c3 c4 8. Qc2 Nc6 9. Nd2 Nge7 10. Ng3 g6 11. Nf3 Bg7 12. Be3 Qc7 13. 0-0 0-0-0 14. b3 h5 15. bxc4 dxc4 16. Bg5 Bh6 17. Bf6 Rh7 18. Ne4 h4 19. Nfg5 Bxg5 20. Nxg5 Rh5 21. Nxf7 Rf8 22. Nd6+ Kd7 23. Rab1 b6 24. h3 Rxf6 25. exf6 Qxd6 26. fxe7 Nxe7 27. Qe4 Qd5 28. Rfe1 Qxe4 29. Rxe4 g5 30. Rbe1 Rh6 31. R4e2 Nd5 32. Rc1 b5 33. Kf1 Rg6 34. g3 hxg3 35. fxg3 Rh6 36. Kg2 a6 37. Re4 Kd6 38. Re5 Rg6 39. Rc2 Kd7 40. Kf3 Kd6 41. h4 gxh4 42. gxh4 Rh6 43. h5 Nf6 44. Ke3 Ng4+ 45. Kf4 Nxe5 46. dxe5+ Ke7 47. Kg5 Rh7 48. Kg6 Rh8 49. h6 Rg8+ 50. Kh5 Rh8 51. Rf2 Rh7 52. Kg6 Rh8 53. Kg7 1-0

[Event "Beacon Seniors op"]
[Site "Exmouth"]
[Date "2008.11.18"]
[Round "2"]
[White "Ansell, DM."]
[Black "Hannan, Peter"]
[Result "0-1"]
[WhiteElo "1416"]
[BlackElo "1680"]
[PlyCount "56"]
[EventDate "2008.11.17"]
[EventType "swiss"]
[EventRounds "5"]
[EventCountry "ENG"]
[SourceTitle "EXT 2011"]
[Source "ChessBase"]
[SourceDate "2010.11.26"]
[SourceVersion "1"]
[SourceVersionDate "2010.11.26"]
[SourceQuality "1"]

1. Nf3 g6 2. g3 Bg7 3. Bg2 d6 4. d3 e5 5. e4 Nc6 6. c4 f5 7. Be3 Nge7 8. Nc3 0-0 9. 0-0 Bd7 10. exf5 gxf5 11. Bg5 h6 12. Bxe7 Nxe7 13. Qc2 Bc6 14. h3 Qd7 15. Rae1 Rae8 16. Nd2 Bxg2 17. Kxg2 Qc6+ 18. Kg1 Rf7 19. Qa4 Qxa4 20. Nxa4 Nc6 21. f4 Nb4 22. Re3 e4 23. Nc3 Bd4 24. Rfe1 Nxd3 25. R1e2 Nxb2 26. Kf2 Bxe3+ 27. Kxe3 c6 28. Nb3 Nxc4+ 0-1